[Event "Grand Prix D"]
[Site "Winnipeg CAN"]
[Date "2008.12.09"]
[Round "5"]
[White "Wasserman, Leor"]
[Black "Gibbons, Lorne"]
[Result "1-0"]
[WhiteElo "1498"]
[BlackElo "1240"]
[PlyCount "83"]
[GameId "2160767910294502"]
[EventDate "2008.11.04"]
[EventType "tourn"]
[EventRounds "6"]
[EventCountry "CAN"]
[SourceTitle "EXT 2011"]
[Source "ChessBase"]
[SourceDate "2011.11.26"]
[SourceVersion "1"]
[SourceVersionDate "2011.11.26"]
[SourceQuality "1"]

1. e4 d6 2. Nf3 g6 3. d4 Bg7 4. Nc3 e6 5. Bc4 Ne7 6. Bf4 Nd7 7. O-O Nb6 8. Bb3 c6 9. Qd2 d5 10. e5 O-O 11. Bh6 Bxh6 12. Qxh6 Nf5 13. Qd2 h5 14. Ne2 f6 15. Nf4 Qe8 16. c3 g5 17. Nd3 Qg6 18. exf6 Rxf6 19. Nde5 Qg7 20. Qxg5 Qxg5 21. Nxg5 Nd7 22. Rfe1 Nxe5 23. Rxe5 Bd7 24. Nh3 Raf8 25. Rae1 Kf7 26. Bc2 Kg6 27. Nf4+ Kf7 28. Nxh5 Rh6 29. Nf4 Ng7 30. R5e3 Rfh8 31. h3 Rf6 32. Nd3 b6 33. Rg3 Kf8 34. Ne5 Be8 35. Bg6 Nf5 36. Rg4 Nh6 37. Rg3 Nf5 38. Bxf5 exf5 39. Nd3 Rhh6 40. Rge3 Bd7 41. Re7 Re6 42. Rxd7 1-0

[Event "Grand Prix D"]
[Site "Winnipeg CAN"]
[Date "2008.12.16"]
[Round "6"]
[White "Gibbons, Lorne"]
[Black "Letain, Cory"]
[Result "0-1"]
[WhiteElo "1240"]
[BlackElo "1512"]
[PlyCount "36"]
[GameId "2160767910294503"]
[EventDate "2008.11.04"]
[EventType "tourn"]
[EventRounds "6"]
[EventCountry "CAN"]
[SourceTitle "EXT 2011"]
[Source "ChessBase"]
[SourceDate "2011.11.26"]
[SourceVersion "1"]
[SourceVersionDate "2011.11.26"]
[SourceQuality "1"]

1. d4 d5 2. c4 c6 3. Nc3 Nf6 4. a4 dxc4 5. e4 Qa5 6. d5 Nxe4 7. Nge2 cxd5 8. Qxd5 Qxd5 9. Nxd5 Na6 10. Nd4 e6 11. Ne3 Bb4+ 12. Ke2 O-O 13. Ndc2 Rd8 14. Nxb4 Nxb4 15. Kf3 Ng5+ 16. Kf4 h6 17. Bxc4 Rd4+ 18. Ke5 Nc6# 0-1

[Event "Grand Prix D"]
[Site "Winnipeg CAN"]
[Date "2008.12.16"]
[Round "6"]
[White "Wasserman, Leor"]
[Black "Swift, Ryne"]
[Result "0-1"]
[WhiteElo "1498"]
[BlackElo "1563"]
[PlyCount "130"]
[GameId "2160767910294504"]
[EventDate "2008.11.04"]
[EventType "tourn"]
[EventRounds "6"]
[EventCountry "CAN"]
[SourceTitle "EXT 2011"]
[Source "ChessBase"]
[SourceDate "2011.11.26"]
[SourceVersion "1"]
[SourceVersionDate "2011.11.26"]
[SourceQuality "1"]

1. e4 e5 2. Nf3 Nc6 3. Bc4 Bc5 4. d3 Nf6 5. O-O O-O 6. Bg5 d6 7. h3 h6 8. Bh4 Be6 9. Bb3 Kh8 10. Nc3 g5 11. Bg3 Qd7 12. Bxe6 Qxe6 13. Qd2 Nh5 14. Bh2 Nf4 15. Bxf4 gxf4 16. Nd5 Bb6 17. Nh4 Ne7 18. Nxe7 Qxe7 19. Nf5 Qg5 20. a4 Rg8 21. g4 fxg3 22. Qxg5 gxf2+ 23. Kh2 hxg5 24. Nh6 Rg7 25. Ng4 a6 26. Nxf2 Bxf2 27. Rxf2 Rf8 28. Rg1 f6 29. Rgf1 Rg6 30. Rg1 Kg7 31. h4 Rh8 32. Rg4 Rxh4+ 33. Rxh4 gxh4 34. Kh3 Rg5 35. Kxh4 Kg6 36. Kh3 f5 37. exf5+ Rxf5 38. Rxf5 Kxf5 39. Kg3 e4 40. dxe4+ Kxe4 41. Kf2 Kd4 42. Ke2 Kc4 43. Kd2 Kb4 44. b3 c5 45. Kd3 c4+ 46. bxc4 Kxa4 47. Kd4 Kb4 48. c3+ Kb3 49. c5 dxc5+ 50. Kxc5 a5 51. c4 a4 52. Kb5 b6 53. Kxb6 Kxc4 54. Kc6 a3 55. Kd6 a2 56. Ke7 a1=Q 57. Ke6 Qd1 58. Ke5 Qd4+ 59. Ke6 Qd5+ 60. Ke7 Kc5 61. Ke8 Qb7 62. Kf8 Kd5 63. Kg8 Ke6 64. Kh8 Kf6 65. Kg8 Qg7# 0-1

[Event "Guelph Spring Pro Am"]
[Site "Guelph CAN"]
[Date "2008.04.19"]
[Round "1"]
[White "Gusev, Nikita"]
[Black "Milicevic, Goran"]
[Result "1/2-1/2"]
[WhiteElo "2119"]
[BlackElo "2362"]
[PlyCount "68"]
[GameId "2160767910351047"]
[EventDate "2008.04.19"]
[EventType "swiss"]
[EventRounds "5"]
[EventCountry "CAN"]
[SourceTitle "EXT 2011"]
[Source "ChessBase"]
[SourceDate "2011.11.26"]
[SourceVersion "1"]
[SourceVersionDate "2011.11.26"]
[SourceQuality "1"]

1. e4 c5 2. Nf3 e6 3. d4 cxd4 4. Nxd4 Nf6 5. Nc3 Qb6 6. Nb3 Bb4 7. Bd3 d6 8. O-O Bxc3 9. bxc3 O-O 10. Bg5 Nbd7 11. Qe2 Qc7 12. f4 e5 13. f5 b6 14. c4 Kh8 15. g4 Bb7 16. Bh4 Nc5 17. Nd2 Ng8 18. g5 f6 19. g6 h6 20. Nb3 Rfd8 21. Nxc5 dxc5 22. Bf2 Ne7 23. Qh5 Kg8 24. Be3 Kf8 25. Bxh6 Ng8 26. Be3 Rd6 27. Rf3 Rad8 28. Bf2 Qc6 29. Re1 Ba6 30. Rh3 Qa4 31. Qe2 Qxa2 32. Qf1 Bb7 33. Rh8 Rxd3 34. cxd3 Qd2 1/2-1/2

[Event "Guelph Spring Pro Am"]
[Site "Guelph CAN"]
[Date "2008.04.19"]
[Round "1"]
[White "Lacau Rodean, Iulia"]
[Black "Martchenko, Alexander"]
[Result "0-1"]
[WhiteElo "2020"]
[BlackElo "2178"]
[PlyCount "86"]
[GameId "2160767910351049"]
[EventDate "2008.04.19"]
[EventType "swiss"]
[EventRounds "5"]
[EventCountry "CAN"]
[SourceTitle "EXT 2011"]
[Source "ChessBase"]
[SourceDate "2011.11.26"]
[SourceVersion "1"]
[SourceVersionDate "2011.11.26"]
[SourceQuality "1"]

1. e4 c5 2. Nf3 Nc6 3. d3 d6 4. g3 g6 5. Bg2 Bg7 6. O-O Nf6 7. c3 O-O 8. h3 Bd7 9. Be3 Rb8 10. Nbd2 b5 11. d4 cxd4 12. cxd4 d5 13. e5 Ne8 14. Nb3 Nc7 15. Nh4 f6 16. f4 e6 17. Nc5 f5 18. Nf3 Re8 19. Ne1 Na5 20. Bd2 Nb7 21. Nxb7 Rxb7 22. Ba5 Qb8 23. Bxc7 Rxc7 24. Nd3 Bf8 25. b4 Rc4 26. Nc5 Bc6 27. Rf3 Qb6 28. Qd2 a5 29. a3 Bxc5 30. dxc5 Qc7 31. Bf1 Rd8 32. Rf2 Bb7 33. Rd1 d4 34. Bxc4 bxc4 35. Qa2 Qc6 36. Kh2 Qd5 37. Rc2 Ba6 38. Qb2 Bb5 39. Rdc1 c3 40. Rxc3 dxc3 41. Qxc3 axb4 42. axb4 Bc6 43. Qb2 Ra8 0-1

[Event "Guelph Spring Pro Am"]
[Site "Guelph CAN"]
[Date "2008.04.19"]
[Round "1"]
[White "McArthur, Ricky"]
[Black "Plotkin, Mark"]
[Result "0-1"]
[WhiteElo "1140"]
[BlackElo "1451"]
[PlyCount "51"]
[GameId "2160767910351050"]
[EventDate "2008.04.19"]
[EventType "swiss"]
[EventRounds "5"]
[EventCountry "CAN"]
[SourceTitle "EXT 2011"]
[Source "ChessBase"]
[SourceDate "2011.11.26"]
[SourceVersion "1"]
[SourceVersionDate "2011.11.26"]
[SourceQuality "1"]

1. d4 d5 2. Nf3 Nf6 3. c4 e6 4. Nc3 Nc6 5. e3 Bd7 6. Bd3 Bb4 7. Bd2 O-O 8. O-O dxc4 9. Bxc4 a6 10. a3 Bxc3 11. Bxc3 b5 12. Bd3 Nd5 13. Qc2 h6 14. Bh7+ Kh8 15. Be4 f5 16. Bxd5 exd5 17. Rad1 f4 18. e4 Ne7 19. exd5 Nxd5 20. Ne5 Bf5 21. Nd3 Qg5 22. Rfe1 f3 23. g3 Qh5 24. h4 Qg4 25. Ne5 Qh3 26. Nxf3 0-1

[Event "Guelph Spring Pro Am"]
[Site "Guelph CAN"]
[Date "2008.04.19"]
[Round "1"]
[White "Smith, Hazel"]
[Black "Inigo, Aquino"]
[Result "0-1"]
[WhiteElo "2223"]
[BlackElo "2057"]
[PlyCount "50"]
[GameId "2160767910351051"]
[EventDate "2008.04.19"]
[EventType "swiss"]
[EventRounds "5"]
[EventCountry "CAN"]
[SourceTitle "EXT 2011"]
[Source "ChessBase"]
[SourceDate "2011.11.26"]
[SourceVersion "1"]
[SourceVersionDate "2011.11.26"]
[SourceQuality "1"]

1. e4 e6 2. d4 d5 3. Nd2 Nf6 4. e5 Nfd7 5. Bd3 c5 6. c3 Nc6 7. Ne2 cxd4 8. cxd4 Qb6 9. Nf3 f6 10. exf6 Nxf6 11. O-O Bd6 12. a3 O-O 13. b4 e5 14. dxe5 Nxe5 15. Nxe5 Bxe5 16. Ra2 Ng4 17. Ng3 Bd4 18. Nh1 Qd6 19. g3 Ne5 20. Be2 Bb6 21. Bf4 Bh3 22. Re1 Rxf4 23. gxf4 Qg6+ 24. Ng3 Bxf2+ 25. Kxf2 Qb6+ 0-1

[Event "Guelph Spring Pro Am"]
[Site "Guelph CAN"]
[Date "2008.04.19"]
[Round "1"]
[White "Stevens, Christian"]
[Black "Sapozhnikov, Roman"]
[Result "1-0"]
[WhiteElo "2363"]
[BlackElo "2120"]
[PlyCount "55"]
[GameId "2160767910351052"]
[EventDate "2008.04.19"]
[EventType "swiss"]
[EventRounds "5"]
[EventCountry "CAN"]
[SourceTitle "EXT 2011"]
[Source "ChessBase"]
[SourceDate "2011.11.26"]
[SourceVersion "1"]
[SourceVersionDate "2011.11.26"]
[SourceQuality "1"]

1. d4 Nf6 2. Bg5 e6 3. e4 h6 4. Bxf6 Qxf6 5. c3 d6 6. Bd3 e5 7. Ne2 Nc6 8. O-O g5 9. Bb5 Bd7 10. d5 Nb8 11. Bxd7+ Nxd7 12. Ng3 Bg7 13. Nd2 Nb6 14. a4 a5 15. Qe2 O-O 16. Nc4 Nc8 17. Ne3 Qd8 18. Nef5 Ne7 19. Nxe7+ Qxe7 20. Nf5 Qf6 21. Rad1 Kh7 22. Rd3 Rh8 23. Rf3 Kg8 24. Qb5 b6 25. Qd7 Qd8 26. Ne7+ Kf8 27. Rxf7+ Kxf7 28. Qe6+ 1-0

[Event "Guelph Spring Pro Am"]
[Site "Guelph CAN"]
[Date "2008.04.19"]
[Round "2"]
[White "Egorov, Mikhail"]
[Black "Lacau Rodean, Iulia"]
[Result "0-1"]
[WhiteElo "2229"]
[BlackElo "2020"]
[PlyCount "87"]
[GameId "2160767910351053"]
[EventDate "2008.04.19"]
[EventType "swiss"]
[EventRounds "5"]
[EventCountry "CAN"]
[SourceTitle "EXT 2011"]
[Source "ChessBase"]
[SourceDate "2011.11.26"]
[SourceVersion "1"]
[SourceVersionDate "2011.11.26"]
[SourceQuality "1"]

1. Nf3 Nf6 2. c4 d6 3. Nc3 e5 4. d4 e4 5. Ng5 Qe7 6. Qc2 Nc6 7. d5 Nd4 8. Qb1 Bf5 9. e3 h6 10. exd4 hxg5 11. Bxg5 O-O-O 12. Be2 g6 13. g4 e3 14. gxf5 exf2+ 15. Kf1 Bh6 16. Bxh6 Rxh6 17. Qd3 Rdh8 18. h3 Nh5 19. Bxh5 Rxh5 20. Qe4 Qf6 21. fxg6 Rh4 22. Qe3 Qxg6 23. Ne2 Qc2 24. Rc1 Qxb2 25. Qc3 Qb6 26. Kxf2 c5 27. dxc6 Qxc6 28. c5 d5 29. Qg3 Qf6+ 30. Kg2 R4h5 31. Rhf1 Qh6 32. Qg4+ Kb8 33. Qf4+ Qxf4 34. Nxf4 Rf5 35. Rce1 Kc7 36. Re5 Rxe5 37. dxe5 Re8 38. Nd3 Rf8 39. e6 f5 40. Kg3 b6 41. cxb6+ axb6 42. e7 Re8 43. Re1 Kd6 44. Kf4 0-1

[Event "Guelph Spring Pro Am"]
[Site "Guelph CAN"]
[Date "2008.04.19"]
[Round "2"]
[White "Jung, Hans"]
[Black "Plotkin, Victor"]
[Result "0-1"]
[WhiteElo "2158"]
[BlackElo "2325"]
[PlyCount "60"]
[GameId "2160767910351055"]
[EventDate "2008.04.19"]
[EventType "swiss"]
[EventRounds "5"]
[EventCountry "CAN"]
[SourceTitle "EXT 2011"]
[Source "ChessBase"]
[SourceDate "2011.11.26"]
[SourceVersion "1"]
[SourceVersionDate "2011.11.26"]
[SourceQuality "1"]

1. e4 e5 2. Nf3 Nf6 3. Nc3 Bb4 4. d3 d5 5. exd5 Nxd5 6. Bd2 Nc6 7. a3 Nxc3 8. bxc3 Bc5 9. Be2 O-O 10. O-O Qe7 11. Qc1 Bf5 12. Re1 Rad8 13. d4 Bd6 14. Bb5 e4 15. Bxc6 bxc6 16. Bf4 f6 17. Bg3 Rfe8 18. Nd2 Qf7 19. Rb1 c5 20. dxc5 Bxc5 21. Rb5 Rd5 22. c4 c6 23. cxd5 cxb5 24. c4 e3 25. Nf3 e2 26. Qc3 bxc4 27. Qxc4 Bxa3 28. Nd4 Bd7 29. Rxe2 Rc8 30. Bc7 Bd6 0-1

[Event "Guelph Spring Pro Am"]
[Site "Guelph CAN"]
[Date "2008.04.19"]
[Round "2"]
[White "Martchenko, Alexander"]
[Black "Inigo, Aquino"]
[Result "1-0"]
[WhiteElo "2178"]
[BlackElo "2057"]
[PlyCount "73"]
[GameId "2160767910351056"]
[EventDate "2008.04.19"]
[EventType "swiss"]
[EventRounds "5"]
[EventCountry "CAN"]
[SourceTitle "EXT 2011"]
[Source "ChessBase"]
[SourceDate "2011.11.26"]
[SourceVersion "1"]
[SourceVersionDate "2011.11.26"]
[SourceQuality "1"]

1. e4 e6 2. d4 d5 3. Nc3 Bb4 4. e5 c5 5. a3 Bxc3+ 6. bxc3 Ne7 7. h4 Nbc6 8. Nf3 Qa5 9. Bd2 Qa4 10. h5 h6 11. Rh4 Nf5 12. Rf4 c4 13. g4 Nfe7 14. Nh4 Bd7 15. Bh3 Rf8 16. Ra2 O-O-O 17. Qf3 Be8 18. Qg3 Qb5 19. Ra1 Qb2 20. Rc1 f6 21. exf6 gxf6 22. Qf3 Ng8 23. Qe3 Bd7 24. Ng6 Rf7 25. Kf1 Nce7 26. Ne5 Rg7 27. Nxd7 Kxd7 28. g5 f5 29. Re1 Qb6 30. g6 Qd6 31. Rf3 Re8 32. Qe2 Nc6 33. Bxf5 Nf6 34. Bh3 Nxh5 35. Rf7+ Re7 36. Qxh5 Nd8 37. Bf4 1-0

[Event "Guelph Spring Pro Am"]
[Site "Guelph CAN"]
[Date "2008.04.19"]
[Round "2"]
[White "Milicevic, Goran"]
[Black "Drkulec, Vladimir"]
[Result "1-0"]
[WhiteElo "2362"]
[BlackElo "2007"]
[PlyCount "55"]
[GameId "2160767910351057"]
[EventDate "2008.04.19"]
[EventType "swiss"]
[EventRounds "5"]
[EventCountry "CAN"]
[SourceTitle "EXT 2011"]
[Source "ChessBase"]
[SourceDate "2011.11.26"]
[SourceVersion "1"]
[SourceVersionDate "2011.11.26"]
[SourceQuality "1"]

1. d4 Nf6 2. Nf3 c5 3. d5 g6 4. Nc3 Bg7 5. e4 e6 6. d6 Nc6 7. Bb5 Qa5 8. Bxc6 dxc6 9. O-O Nd7 10. Nd2 e5 11. a4 Qd8 12. a5 O-O 13. Nc4 Rb8 14. Be3 b6 15. axb6 axb6 16. Ra7 Bb7 17. Qa1 Ra8 18. Rxb7 Rxa1 19. Rxa1 b5 20. Na5 Nb8 21. Bxc5 f5 22. d7 Nxd7 23. Nxc6 Qe8 24. Raa7 Rf7 25. Ne7+ Rxe7 26. Bxe7 Nf8 27. Nd5 Ne6 28. Bd6 1-0

[Event "Guelph Spring Pro Am"]
[Site "Guelph CAN"]
[Date "2008.04.19"]
[Round "2"]
[White "Orlov, Sergiy"]
[Black "Stevens, Christian"]
[Result "0-1"]
[WhiteElo "2080"]
[BlackElo "2363"]
[PlyCount "54"]
[GameId "2160767910351058"]
[EventDate "2008.04.19"]
[EventType "swiss"]
[EventRounds "5"]
[EventCountry "CAN"]
[SourceTitle "EXT 2011"]
[Source "ChessBase"]
[SourceDate "2011.11.26"]
[SourceVersion "1"]
[SourceVersionDate "2011.11.26"]
[SourceQuality "1"]

1. Nf3 Nf6 2. d4 d5 3. e3 Bf5 4. Bd3 e6 5. Bxf5 exf5 6. Qd3 Qc8 7. c4 dxc4 8. Qxc4 Bd6 9. Nc3 c6 10. O-O O-O 11. b3 Nbd7 12. Bb2 Nb6 13. Qd3 Nbd5 14. Nxd5 Nxd5 15. Rac1 Re8 16. Ne5 Qe6 17. Rfe1 Rad8 18. Nf3 Bb4 19. Nd2 Re7 20. a3 Bxd2 21. Qxd2 Rde8 22. a4 Qe4 23. Ba3 Re6 24. Rf1 f4 25. exf4 Nxf4 26. f3 Ne2+ 27. Kh1 Qh4 0-1

[Event "Guelph Spring Pro Am"]
[Site "Guelph CAN"]
[Date "2008.04.19"]
[Round "2"]
[White "Plaxton, David"]
[Black "Gusev, Nikita"]
[Result "1-0"]
[WhiteElo "2017"]
[BlackElo "2119"]
[PlyCount "89"]
[GameId "2160767910351059"]
[EventDate "2008.04.19"]
[EventType "swiss"]
[EventRounds "5"]
[EventCountry "CAN"]
[SourceTitle "EXT 2011"]
[Source "ChessBase"]
[SourceDate "2011.11.26"]
[SourceVersion "1"]
[SourceVersionDate "2011.11.26"]
[SourceQuality "1"]

1. d4 d5 2. c4 e6 3. Nf3 c6 4. e3 f5 5. Bd3 Nf6 6. O-O Bd6 7. b3 g5 8. Ne5 Nbd7 9. Bb2 h5 10. cxd5 cxd5 11. Na3 a6 12. Rc1 Ng4 13. Nf3 Qe7 14. Nb1 Ngf6 15. Qc2 Rg8 16. Ne5 Kf8 17. Nd2 g4 18. Kh1 h4 19. f4 Ne4 20. Bxe4 fxe4 21. f5 exf5 22. Rxf5+ Nf6 23. Rxf6+ Qxf6 24. Rf1 Bxe5 25. dxe5 Qxf1+ 26. Nxf1 Be6 27. Qf2+ Ke7 28. Qf6+ Kd7 29. Ba3 Rge8 30. Qxh4 Rac8 31. Qh7+ Kc6 32. Ng3 Kb6 33. Nf5 Rc7 34. Qg6 Rf7 35. Ng3 Ka7 36. h3 gxh3 37. gxh3 b5 38. Bc5+ Kb7 39. b4 Kc7 40. Kg2 Kd7 41. Nh5 Rh8 42. Nf6+ Kc8 43. Nxe4 Bxh3+ 44. Kg3 Rf1 45. Qxa6+ 1-0

[Event "Guelph Spring Pro Am"]
[Site "Guelph CAN"]
[Date "2008.04.19"]
[Round "2"]
[White "Zhou, Kevin"]
[Black "McArthur, Ricky"]
[Result "0-1"]
[WhiteElo "823"]
[BlackElo "1140"]
[PlyCount "132"]
[GameId "2160767910351061"]
[EventDate "2008.04.19"]
[EventType "swiss"]
[EventRounds "5"]
[EventCountry "CAN"]
[SourceTitle "EXT 2011"]
[Source "ChessBase"]
[SourceDate "2011.11.26"]
[SourceVersion "1"]
[SourceVersionDate "2011.11.26"]
[SourceQuality "1"]

1. e4 d5 2. e5 Nc6 3. Nf3 Bg4 4. d4 f6 5. exf6 Nxf6 6. Be2 Bxf3 7. Bxf3 e5 8. dxe5 Nxe5 9. O-O Nxf3+ 10. Qxf3 Bc5 11. Re1+ Be7 12. Bg5 O-O 13. Nc3 Rf7 14. Qd3 h6 15. Nxd5 Nxd5 16. Bxe7 Nxe7 17. Qb3 Qd5 18. Qe3 Raf8 19. Qxa7 Rxf2 20. Qxf2 Rxf2 21. Kxf2 Qd4+ 22. Kf1 Nc6 23. c3 Qf4+ 24. Kg1 g5 25. g3 Qd2 26. Rab1 h5 27. Rf1 Kg7 28. Rfd1 Qe3+ 29. Kg2 Kg6 30. Re1 Qd2+ 31. Kg1 h4 32. gxh4 gxh4 33. Red1 Qe3+ 34. Kg2 h3+ 35. Kf1 Qf3+ 36. Ke1 Qh1+ 37. Kd2 Qxh2+ 38. Kd3 Qg3+ 39. Kc4 h2 40. b4 Qf4+ 41. Kb3 Ne5 42. a4 Qc4+ 43. Kb2 Nd3+ 44. Kc2 Nf2 45. a5 Qe4+ 46. Kb2 h1=Q 47. Rxh1 Nxh1 48. Rg1+ Kf5 49. Kb3 Qd5+ 50. c4 Qd3+ 51. Ka4 Qxc4 52. Rxh1 Qc6+ 53. b5 Qxh1 54. Kb4 Qe4+ 55. Kc5 Qe5+ 56. Kc4 c6 57. bxc6 Qxa5 58. cxb7 Qc7+ 59. Kb3 Qxb7+ 60. Kc4 Qe4+ 61. Kc5 Ke6 62. Kb5 Kd6 63. Kb6 Qd5 64. Ka6 Qb3 65. Ka5 Kc5 66. Ka6 Qb6# 0-1

[Event "Guelph Spring Pro Am"]
[Site "Guelph CAN"]
[Date "2008.04.19"]
[Round "3"]
[White "Drkulec, Vladimir"]
[Black "Egorov, Mikhail"]
[Result "0-1"]
[WhiteElo "2007"]
[BlackElo "2229"]
[PlyCount "86"]
[GameId "2160767910351062"]
[EventDate "2008.04.19"]
[EventType "swiss"]
[EventRounds "5"]
[EventCountry "CAN"]
[SourceTitle "EXT 2011"]
[Source "ChessBase"]
[SourceDate "2011.11.26"]
[SourceVersion "1"]
[SourceVersionDate "2011.11.26"]
[SourceQuality "1"]

1. c4 Nf6 2. g3 g6 3. Bg2 Bg7 4. Nc3 d6 5. e4 e5 6. Nge2 O-O 7. b4 a5 8. b5 Nbd7 9. O-O Nc5 10. d3 Be6 11. Rb1 Qd7 12. Nd5 Nxd5 13. cxd5 Bg4 14. f3 Bh3 15. Be3 Bxg2 16. Kxg2 f5 17. Qc2 b6 18. a4 Rae8 19. Bxc5 dxc5 20. Qd2 Rf7 21. Rbd1 Bf8 22. Qc1 h5 23. Nc3 f4 24. Nb1 Bh6 25. Na3 g5 26. Rde1 Kh7 27. Qd1 Rg8 28. g4 hxg4 29. fxg4 f3+ 30. Kg3 Rf4 31. h3 Rgf8 32. Rf2 Bg7 33. Nc4 Qf7 34. Qd2 Qg6 35. Rg1 Qh6 36. Kh2 Rh8 37. Rg3 Kg8 38. Rfxf3 Qf6 39. Kg2 Qe7 40. Rf2 Bf6 41. Rgf3 Qh7 42. Qa2 Rxg4+ 43. hxg4 Qh1+ 0-1

[Event "Guelph Spring Pro Am"]
[Site "Guelph CAN"]
[Date "2008.04.19"]
[Round "3"]
[White "Gusev, Nikita"]
[Black "Orlov, Sergiy"]
[Result "1-0"]
[WhiteElo "2119"]
[BlackElo "2080"]
[PlyCount "51"]
[GameId "2160767910351063"]
[EventDate "2008.04.19"]
[EventType "swiss"]
[EventRounds "5"]
[EventCountry "CAN"]
[SourceTitle "EXT 2011"]
[Source "ChessBase"]
[SourceDate "2011.11.26"]
[SourceVersion "1"]
[SourceVersionDate "2011.11.26"]
[SourceQuality "1"]

1. e4 c5 2. Nf3 g6 3. d4 cxd4 4. Nxd4 Nf6 5. Nc3 Bg7 6. Nb3 O-O 7. Be2 d6 8. O-O Nbd7 9. Re1 b6 10. Bf1 Bb7 11. Bg5 Rc8 12. Nd5 Nc5 13. Nxc5 dxc5 14. Nxe7+ Qxe7 15. e5 Qc7 16. exf6 Rfd8 17. Qg4 h5 18. Qh3 Bf8 19. Rad1 Rxd1 20. Rxd1 Bd6 21. Bd3 Re8 22. b3 Be5 23. Bc4 Bd4 24. c3 Bc8 25. Qd3 Be5 26. Qxg6+ 1-0

[Event "Guelph Spring Pro Am"]
[Site "Guelph CAN"]
[Date "2008.04.19"]
[Round "3"]
[White "Inigo, Aquino"]
[Black "Sapozhnikov, Roman"]
[Result "1-0"]
[WhiteElo "2057"]
[BlackElo "2120"]
[PlyCount "73"]
[GameId "2160767910351064"]
[EventDate "2008.04.19"]
[EventType "swiss"]
[EventRounds "5"]
[EventCountry "CAN"]
[SourceTitle "EXT 2011"]
[Source "ChessBase"]
[SourceDate "2011.11.26"]
[SourceVersion "1"]
[SourceVersionDate "2011.11.26"]
[SourceQuality "1"]

1. d4 Nf6 2. c4 g6 3. Nc3 Bg7 4. e4 d6 5. f3 O-O 6. Be3 Nbd7 7. Qd2 c5 8. O-O-O cxd4 9. Bxd4 Qc7 10. Kb1 Ne5 11. Nd5 Nxd5 12. cxd5 e6 13. Rc1 Qe7 14. f4 Ng4 15. Bxg7 Kxg7 16. Bc4 e5 17. h3 Nf6 18. Bd3 exf4 19. Qxf4 Nh5 20. Qe3 f5 21. Qd4+ Kg8 22. exf5 Bxf5 23. Bxf5 Rxf5 24. Nf3 Nf6 25. Rhe1 Qf7 26. Re6 Rd8 27. Nh4 Re5 28. Rf1 Rc8 29. a3 Qc7 30. Rexf6 Qc2+ 31. Ka2 Re4 32. Qf2 Qc4+ 33. Ka1 Ree8 34. Nxg6 Qxd5 35. Ne7+ Rxe7 36. Rf8+ Kg7 37. Qf6# 1-0

[Event "Guelph Spring Pro Am"]
[Site "Guelph CAN"]
[Date "2008.04.19"]
[Round "3"]
[White "Lacau Rodean, Iulia"]
[Black "Jung, Hans"]
[Result "1/2-1/2"]
[WhiteElo "2020"]
[BlackElo "2158"]
[PlyCount "80"]
[GameId "2160767910351065"]
[EventDate "2008.04.19"]
[EventType "swiss"]
[EventRounds "5"]
[EventCountry "CAN"]
[SourceTitle "EXT 2011"]
[Source "ChessBase"]
[SourceDate "2011.11.26"]
[SourceVersion "1"]
[SourceVersionDate "2011.11.26"]
[SourceQuality "1"]

1. e4 d6 2. d4 e5 3. dxe5 dxe5 4. Qxd8+ Kxd8 5. Nf3 f6 6. Bc4 c6 7. a4 Nd7 8. Be3 Bc5 9. Bxc5 Nxc5 10. Nc3 Be6 11. O-O-O+ Kc7 12. Bxe6 Nxe6 13. Rd2 Ne7 14. Rhd1 Rad8 15. Rxd8 Nxd8 16. Nd2 Ne6 17. Ne2 Nc8 18. Nc4 Nb6 19. Nxb6 axb6 20. f3 Ra8 21. b3 Ra5 22. Kb2 Ra8 23. Rd2 h5 24. Ng3 g6 25. Nf1 h4 26. Ne3 h3 27. g3 Ng5 28. Ng4 Rf8 29. Rd3 Kc8 30. Nf2 f5 31. exf5 gxf5 32. f4 e4 33. Re3 Nf3 34. Nxh3 Nxh2 35. Re1 Nf3 36. Re2 Rh8 37. Ng5 Nxg5 38. fxg5 Rg8 39. g4 Rxg5 40. gxf5 Rxf5 1/2-1/2

[Event "Guelph Spring Pro Am"]
[Site "Guelph CAN"]
[Date "2008.04.19"]
[Round "3"]
[White "McArthur, Ricky"]
[Black "Borissov, Anton"]
[Result "0-1"]
[WhiteElo "1140"]
[BlackElo "1384"]
[PlyCount "116"]
[GameId "2160767910351066"]
[EventDate "2008.04.19"]
[EventType "swiss"]
[EventRounds "5"]
[EventCountry "CAN"]
[SourceTitle "EXT 2011"]
[Source "ChessBase"]
[SourceDate "2011.11.26"]
[SourceVersion "1"]
[SourceVersionDate "2011.11.26"]
[SourceQuality "1"]

1. d4 d5 2. Nf3 Nf6 3. Bf4 g6 4. e3 Bg7 5. Bd3 O-O 6. Nc3 c6 7. O-O Be6 8. Re1 Nbd7 9. Qd2 Re8 10. Re2 Bg4 11. e4 Bxf3 12. gxf3 e5 13. dxe5 Nxe5 14. Bxe5 Rxe5 15. Rae1 d4 16. f4 Rh5 17. Nd1 Bh6 18. f3 Qa5 19. Qxa5 Rxa5 20. e5 Nd5 21. f5 Be3+ 22. Nxe3 Nxe3 23. fxg6 fxg6 24. c3 c5 25. cxd4 cxd4 26. b4 Rxe5 27. Rc1 Rae8 28. Rc7 R8e7 29. Bc4+ Kg7 30. Rxe7+ Rxe7 31. a4 Nd5 32. Rxe7+ Nxe7 33. Kf2 Kf6 34. a5 g5 35. Bd3 Nf5 36. b5 b6 37. a6 h5 38. Bxf5 Kxf5 39. h3 Kf4 40. Ke2 d3+ 41. Kxd3 Kxf3 42. Kd4 Kg3 43. Kd5 Kxh3 44. Kc6 g4 45. Kb7 g3 46. Kxa7 g2 47. Kxb6 g1=Q+ 48. Kb7 Qg7+ 49. Kb8 Qe5+ 50. Kb7 Qxb5+ 51. Ka7 Qc6 52. Kb8 Qxa6 53. Kc7 Kg4 54. Kd7 Kf5 55. Ke7 Qc6 56. Kf7 Qd7+ 57. Kf8 Kf6 58. Kg8 Qg7# 0-1

[Event "Guelph Spring Pro Am"]
[Site "Guelph CAN"]
[Date "2008.04.19"]
[Round "3"]
[White "Milicevic, Goran"]
[Black "Martchenko, Alexander"]
[Result "1/2-1/2"]
[WhiteElo "2362"]
[BlackElo "2178"]
[PlyCount "110"]
[GameId "2160767910351067"]
[EventDate "2008.04.19"]
[EventType "swiss"]
[EventRounds "5"]
[EventCountry "CAN"]
[SourceTitle "EXT 2011"]
[Source "ChessBase"]
[SourceDate "2011.11.26"]
[SourceVersion "1"]
[SourceVersionDate "2011.11.26"]
[SourceQuality "1"]

1. d4 d5 2. Bf4 Nf6 3. e3 c6 4. Nf3 Bf5 5. c4 e6 6. Qb3 Qb6 7. c5 Qxb3 8. axb3 Nbd7 9. h3 Be7 10. Nbd2 a6 11. b4 Rc8 12. Nb3 Bd8 13. Na5 Bxa5 14. bxa5 Kd8 15. Ra3 Ra8 16. Rb3 Kc8 17. Be2 Ne8 18. O-O Nc7 19. g4 Bg6 20. Nh4 Nb5 21. Nxg6 hxg6 22. Kg2 f6 23. Bg3 Kd8 24. f3 Ke7 25. Rd1 Kf7 26. e4 Rhe8 27. Kf2 Nf8 28. Ke3 Nd7 29. Rb4 Nf8 30. h4 Nd7 31. Rd2 Nf8 32. e5 Nd7 33. Bd3 Rh8 34. Rh2 f5 35. h5 gxh5 36. gxf5 Nf8 37. Bh4 exf5 38. Bxf5 g6 39. Bc2 Ne6 40. f4 Rag8 41. f5 gxf5 42. Bxf5 Rg4 43. Bxg4 hxg4 44. Rf2+ Ke8 45. Rh2 Kf7 46. Rh1 Ke8 47. Ra4 Nexd4 48. Kf4 Rg8 49. Bf2 Rf8+ 50. Kg3 Ne2+ 51. Kg2 Nf4+ 52. Kh2 Ne2 53. Kg2 Nf4+ 54. Kg3 Ne2+ 55. Kg2 Nf4+ 1/2-1/2